Midhat Paşa'nın hatıraları /
Saved in:
| Main Author: | |
|---|---|
| Other Authors: | |
| Format: | Book |
| Language: | Ottoman Turkish |
| Published: |
Çemberlitaş, İstanbul :
Temel Yayınları,
1997.
|
| Edition: | 1. baskı. |
| Series: | Tarih/kültür dizisi ;
1-2. |
| Subjects: | |
| Tags: |
Add Tag
No Tags, Be the first to tag this record!
|
| LEADER | 01392nam a2200385 a 4500 | ||
|---|---|---|---|
| 001 | 007730574-4 | ||
| 005 | 20020606104010.5 | ||
| 008 | 980310s1997 tu a b 001|0 ota d | ||
| 020 | |a 9754100314 (set) | ||
| 020 | |a 9754100322 (v. 1) | ||
| 020 | |a 9754100330 (v. 2) | ||
| 035 | 0 | |a ocm38578696 | |
| 040 | |a OSU |c OSU | ||
| 041 | 0 | |a otatur | |
| 043 | |a a-tu--- | ||
| 090 | |a DR568.8.M6 |b A5 1997 | ||
| 100 | 0 | |a Ali Haydar Mithat, |d 1872- | |
| 240 | 1 | 0 | |a Midhat Paşa |
| 245 | 1 | 0 | |a Midhat Paşa'nın hatıraları / |c yayına hazırlayan, Osman Selim Kocahanoğlu. |
| 250 | |a 1. baskı. | ||
| 260 | |a Çemberlitaş, İstanbul : |b Temel Yayınları, |c 1997. | ||
| 300 | |a 2 v. : |b ill. ; |c 20 cm. | ||
| 490 | 1 | |a Tarih/kültür dizisi ; |v 1-2 | |
| 546 | |a Text in romanized Ottoman Turkish; introductory material and notes in Turkish. | ||
| 500 | |a "Yayın no: 95"--P. facing t.p., v. 1; "Yayın no: 96"--v. 2. | ||
| 504 | |a Includes bibliographical references and indexes. | ||
| 505 | 0 | 0 | |g 1. cilt. |t Hayatım ibret olsun (Tabsıra-i ibret) -- |g 2. cilt. |t Yıldız mahkemesi ve Tâif zindanı (Mirat-ı hayret). |
| 600 | 0 | 0 | |a Midhat Paşa, |d 1822-1884. |
| 650 | 0 | |a Statesmen |z Turkey |x Biography. | |
| 651 | 0 | |a Turkey |x History |y 19th century. | |
| 700 | 1 | |a Kocahanoğlu, Osman S. | |
| 752 | |a Turkey |d Istanbul. | ||
| 830 | 0 | |a Tarih/kültür dizisi ; |v 1-2. | |
| 988 | |a 20020608 | ||
| 906 | |0 OCLC | ||


